000 00482nam a2200145Ia 4500
008 240509s9999 xx 000 0 und d
041 _amar
082 _a891.463 जोशी
_bजोशी
100 _aजोशी चिं. वि.
_9206458
245 _aचिमणरावाचे चर्‍हाट
260 _c2014
_bकॉन्टिनेन्टल प्रकाशन
300 _a238
700 _aजोशी चिं. वि.
_9206458
906 _b40
999 _c357924
_d357924